|
|
|
แสดงรายละเอียดบรรณานุกรม |
|
|
Brief Record
: Get Marc (ISO 2709)
: E-mail record
: |
| LEADER : 00000nam 2200000uu 4500 | |||
| 001 13399122399 | |||
| 003 ULIB | |||
| 008 121114s||||||||th 000 0 tha d | |||
| 020 9786169262466 | |||
| 050 0 ^aWT100^bว724ก 2561 | |||
| 060 0 ^aWT100^bว724ก 2561 | |||
| 100 0 ^aวิไล คุปต์รัติศัลกุล, บรรณาธิการ | |||
| 245 00 การฟื้นฟูผู้สูงอายุในปัญหาสุขภาพที่พบบ่อย=^b Geriatric Rehabilitation in Common Health Problems /^c วิไล คุปต์นิรัติศัยกุล,บรรณาธิการ | |||
| 250 พิมพ์ครั้งที่ 1 ( ราคา 550 บาท ) | |||
| 260 ^aกรุงเทพฯ :^bคณะแพทยศาสตร์ มหาวิทยาลัยมหิดล,^c 2561 | |||
| 300 ^a 516 หน้า :^bภาพประกอบ ;ตาราง ;^c 30 ซม. | |||
| 505 0 บทที่ 1 ความรู้พื้นฐานเกี่ยวกับการฟื้นฟูผู้สูงอายุ | |||
| 505 0 บทที่ 2 กลุ่มอาการสูงอายุที่สัมพันธ์กับการฟื้นฟู | |||
| 505 0 บทที่ 3 การฟื้นฟูผู้สูงอายุโรคระบบกล้ามเนื้อและกระดูก | |||
| 505 0 บทที่ 4 การฟื้นฟูผู้สูงอายุโรคระบบประสาท | |||
| 505 0 บทที่ 5 การฟื้นฟูผู้สูงอายุโรคระบบหัวใจและหายใจ | |||
| 650 7 ^aผู้สูงอายุ^xสุขภาพอนามัย^xการฟื้นฟู | |||
| 945 ^p550^l0^i078295 | |||
| 945 ^p550^l0^i078294 | |||
| 945 ^p550^l0^i078293 | |||
| 945 ^p550^l0^i080315 | |||
| 945 ^p550^l0^i080314 | |||
| 999 ^aกมลทิพย์ สมแก้ว | |||
| คุณยังไม่ได้ล็อกอิน คุณสามารถมีกิจกรรมร่วมกับเว็บไซต์ได้ แต่ต้องล็อกอินก่อน :: |
|
|||||||||
|
||||||||||
| สถานะ | |||||
| 1. | หนังสือ | WT100 ว724ก 2561 c.1 Barcode: 078293 | ►หนังสือทั่วไป | บนชั้น | |
| 2. | หนังสือ | WT100 ว724ก 2561 c.2 Barcode: 078294 | ►หนังสือทั่วไป | บนชั้น | |
| 3. | หนังสือ | WT100 ว724ก 2561 c.3 Barcode: 078295 | ►หนังสือทั่วไป | บนชั้น | |
| 4. | หนังสือ | WT100 ว724ก 2561 c.4 Barcode: 080314 | ►หนังสือทั่วไป | บนชั้น ขอยืม | |
| 5. | หนังสือ | WT100 ว724ก 2561 c.5 Barcode: 080315 | ►หนังสือทั่วไป | บนชั้น ขอยืม | |
BibComment |
| คอมเมนท์ทรัพยากรรายการนี้ |
|